000 00354cam a22001217a 4500
008 180718b1947 xxu||||| |||| 00| 0 eng d
082 _aA99 P887
100 _aRaja, Mahendra Pratap
245 _aMy life story of fiftyfives years
_cby Mahendra Pratap Raja
260 _aIndia
_bWorld federation
_c1947
300 _a358p
650 _aPratap, Mahendra, Raja.
999 _c415837
_d415837